KOHA-Header-6

Essentials Of Management Information Systems (Record no. 8652)

000 -LEADER
fixed length control field 00283nam a2200109Ia 4500
100 ## - MAIN ENTRY--AUTHOR NAME
Personal name Kenneth C. Laudon
245 #0 - TITLE STATEMENT
Title Essentials Of Management Information Systems
260 ## - PUBLICATION, DISTRIBUTION, ETC. (IMPRINT)
Place of publication New York
Name of publisher Addision
Year of publication 2000
300 ## - PHYSICAL DESCRIPTION
Number of Pages 644
942 ## - ADDED ENTRY ELEMENTS (KOHA)
Koha item type Books
Holdings
Withdrawn status Lost status Collection code Permanent Location Current Location Shelving location Date acquired Full call number Accession Number Koha item type
    Management MAJU MAJU   2019-09-14 338.5 3532 Management

Powered by Koha